Business ethics (Record no. 2185)

MARC details
000 -LEADER
fixed length control field 00396 a2200169 4500
001 - CONTROL NUMBER
control field 068529
003 - CONTROL NUMBER IDENTIFIER
control field OSt
005 - DATE AND TIME OF LATEST TRANSACTION
control field 20220218165401.0
008 - FIXED-LENGTH DATA ELEMENTS--GENERAL INFORMATION
fixed length control field
082 ## - DEWEY DECIMAL CLASSIFICATION NUMBER
Classification number 174.4
Item number C81B
100 1# - MAIN ENTRY--PERSONAL NAME
Personal name Cory, Jacques
245 1# - TITLE STATEMENT
Title Business ethics
Statement of responsibility, etc by Jacques Cory
260 ## - PUBLICATION, DISTRIBUTION, ETC. (IMPRINT)
Place of publication, distribution, etc New York
Name of publisher, distributor, etc Springer
Date of publication, distribution, etc 2009
300 ## - PHYSICAL DESCRIPTION
Extent 269p.
653 ## - INDEX TERM--UNCONTROLLED
Uncontrolled term Business ethics
942 ## - ADDED ENTRY ELEMENTS (KOHA)
Source of classification or shelving scheme Dewey Decimal Classification
Koha item type Books
Holdings
Withdrawn status Lost status Source of classification or shelving scheme Damaged status Not for loan Collection code Home library Current library Date acquired Source of acquisition Cost, normal purchase price Total Checkouts Full call number Barcode Date last seen Price effective from Koha item type
    Dewey Decimal Classification     General Text Book Central University Of Rajasthan Central University Of Rajasthan 07/03/2012 MGM 495.00   174.4 C81B 2816 21/11/2024 02/09/2020 Books